000 00388nam a2200157Ia 4500
008 230711s9999||||xx |||||||||||||| ||und||
041 _aENG
082 _a621
_bJO-B
100 _aJohnson,David E
245 0 _aBasic electric circuit analysis
250 _a5th Ed.
260 _c2002
_aNew York
_bJohn Wiley & Sons.Inc
300 _a752
650 _aElectrical Engineering
942 _cBK
999 _c4508
_d4508